000 00795nam a2200265 a 4500
001 8484
003 BD-RjUL
005 20211208234610.0
008 140118s1982 enk 001 0 eng d
020 _a0471900869 (pbk.) :
035 _a(BD-RjUL)8529
040 _aDLC
_cDLC
_dDLC
_d(BD-RjUL)
_beng
041 _aeng
082 0 0 _a519.5
_223
_bEHP
100 1 0 _aEhrenberg, A. S. C.
_912810
245 1 0 _aTeachers' guide to A primer in data reduction :
_ban introductory statistics textbook /
_cA.S.C. Ehrenberg.
260 _aNew York :
_bWiley,
_cc1982.
300 _ax, 301 p. ;
_c23 cm.
500 _aIncludes index.
650 0 _aStatistics.
_926425
650 0 _aData reduction.
_919297
700 1 _tPrimer in data reduction.
_926426
942 _2ddc
_cBK
999 _c8484
_d8484